[Event "Blowing away the autumn leaves!"]
[Site "SchemingMind.com"]
[Date "2010.11.19"]
[Round "-"]
[White "emvarela"]
[Black "Clive Everill"]
[Result "1-0"]
[WhiteCountry "ARG"]
[BlackCountry "CZE"]
[WhiteElo "1785"]
[WhiteRD "53"]
[BlackElo "1679"]
[BlackRD "53"]
[GameID "266992"]

1. e4 e6 2. d4 d5 3. Nc3 Bb4 4. e5 Nh6 5. Bxh6 gxh6 6. Qg4 Bxc3+ 7. bxc3 Qg5 8. Qxg5 hxg5 9. h4 g4 10. Bd3 Bd7
11. Rb1 b6 12. c4 c6 13. cxd5 exd5 14. g3 h5 15. Ne2 Be6 16. Nf4 Bc8 17. Kd2 Ba6 18. Rhe1 Bxd3 19. Kxd3 Nd7 20. e6 Nf6
21. exf7+ Kxf7 22. Re5 Rae8 23. Rbe1 Rxe5 24. Rxe5 a6 25. Ke3 Re8 26. Rxe8 Kxe8 27. f3 gxf3 28. Kxf3 Ke7 29. Ng6+ Ke6 30. Ne5 c5
31. Kf4 cxd4 32. Nc6 d3 33. cxd3 b5 34. Nb4 a5 35. Nc6 a4 36. Nd4+ Kd6 37. Nxb5+ Kc5 38. Nc3 Kb4 39. Nb1 Kc5 40. Kg5 Ng4
41. Kxh5 Nf2 42. g4 Nxd3 43. g5 Nb4 44. g6 Nc6 45. g7 Ne7 46. Kh6 d4 47. Kh7 Kc4 48. g8=Q+ Nxg8 49. Kxg8 Kd3 50. h5 Kc2
51. h6 d3 52. h7 Kxb1 53. h8=Q d2 54. Qd4 Kxa2 55. Qxa4+ Kb1 56. Qd1+
1-0

[Event "Blowing away the autumn leaves!"]
[Site "SchemingMind.com"]
[Date "2010.11.18"]
[Round "-"]
[White "Clive Everill"]
[Black "emvarela"]
[Result "0-1"]
[WhiteCountry "CZE"]
[BlackCountry "ARG"]
[WhiteElo "1679"]
[WhiteRD "53"]
[BlackElo "1785"]
[BlackRD "53"]
[GameID "266999"]

1. e4 e5 2. f4 exf4 3. Nf3 d5 4. exd5 Qxd5 5. Nc3 Qe6+ 6. Be2 Nc6 7. d4 Nb4 8. a3 Nd5 9. Nxd5 Qxd5 10. Bxf4 Bd6
11. c4 Qe4 12. Bxd6 cxd6 13. O-O Nf6 14. Bd3 Qe3+ 15. Kh1 Ng4 16. Qe1 O-O 17. Qxe3 Nxe3 18. Rfe1 Ng4 19. Kg1 Nf6 20. Ng5 g6
21. Re7 h6 22. Nf3 Re8 23. Rae1 Bd7 24. b4 Kf8 25. Rxe8+ Rxe8 26. Rxe8+ Kxe8 27. c5 dxc5 28. bxc5 Bc6 29. Ne5 Bd5 30. Bb5+ Ke7
31. c6 bxc6 32. Bxc6 a6 33. Bxd5 Nxd5 34. Kf2 Ke6= 35. Nc6 Nb6 36. Ke3 Nc4+ 37. Ke4 Nxa3 38. d5+ Kd6 39. Nb4 Nb5 40. Nxa6 Nc3+
41. Kd4 Nxd5 42. Ke4 f5+ 43. Kd4 Nf4 44. g3 Ne6+ 45. Ke3 g5 46. Nb4 f4+ 47. gxf4 Nxf4 48. Nc2 Ke5 49. Nd4 Ng2+ 50. Kd3 g4
51. Nc6+ Kf4 52. Nd4 Ne1+ 53. Ke2 Nf3 54. Nxf3 gxf3+ 55. Kf2 h5 56. h3 h4 57. Kg1 Ke3 58. Kf1 f2
0-1

[Event "Blowing away the autumn leaves!"]
[Site "SchemingMind.com"]
[Date "2010.11.16"]
[Round "-"]
[White "Andoni Zabala"]
[Black "maro"]
[Result "1-0"]
[WhiteCountry "INT"]
[BlackCountry "MEX"]
[WhiteElo "1576"]
[WhiteRD "107"]
[BlackElo "1316"]
[BlackRD "61"]
[GameID "267093"]

1. e4 c5 2. Nf3 Nc6 3. d4 cxd4 4. Nxd4 Qa5+ 5. Nc3 Ne5 6. Bd3 Nf6 7. O-O e6 8. Nb3 Qb6 9. Be3 Bc5 10. Bxc5 Qc6
11. Bb5 Qc7 12. Bd6 Qd8 13. Bxe5 a6 14. Bd3 d6 15. Bg3 e5 16. a4 O-O 17. f4 exf4 18. Bxf4 Bg4 19. Qd2 Qe7 20. Rae1 h6
21. e5 dxe5 22. Bxh6 gxh6 23. Qxh6 Nh7 24. Qxh7#
1-0

[Event "Blowing away the autumn leaves!"]
[Site "SchemingMind.com"]
[Date "2010.11.16"]
[Round "-"]
[White "ampp"]
[Black "Eden"]
[Result "0-1"]
[WhiteCountry "POR"]
[BlackCountry "CZE"]
[WhiteElo "1212"]
[WhiteRD "61"]
[BlackElo "1638"]
[BlackRD "75"]
[GameID "267094"]

1. e4 e5 2. Nf3 Nc6 3. Bb5 Qf6 4. O-O Nge7 5. Nc3 h5 6. h3 g5 7. d3 Bh6 8. a3 g4 9. Bxh6 Rxh6 10. hxg4 hxg4
11. Ne1 Qh4 12. f3 g3
0-1

[Event "Blowing away the autumn leaves!"]
[Site "SchemingMind.com"]
[Date "2010.11.16"]
[Round "-"]
[White "maro"]
[Black "Andoni Zabala"]
[Result "1-0"]
[WhiteCountry "MEX"]
[BlackCountry "INT"]
[WhiteElo "1323"]
[WhiteRD "58"]
[BlackElo "1511"]
[BlackRD "106"]
[GameID "267100"]

1. c4 e5 2. Nc3 Nf6 3. e4 Bc5 4. Nh3 O-O 5. g3 c6 6. Bg2 d6 7. O-O Bg4 8. Qb3 Qb6 9. Qxb6 Bxb6 10. d3 Nbd7
11. Bg5 h6 12. Bxf6 Nxf6 13. Na4 Bd4 14. Kh1 b5 15. cxb5 cxb5 16. Nc3 b4 17. Na4 a5 18. Rac1 Be2 19. Rfe1 Bxd3 20. Ng1 Bb5
21. b3 Rac8 22. Rxc8 Rxc8 23. f3 Rc2 24. f4 Bxa4 25. bxa4 Rxa2 26. fxe5 dxe5 27. Nf3 Ra1 28. Rxa1 Bxa1 29. Nd2 Bc3 30. Nc4= b3
31. Bf1 Nxe4 32. Bg2
1-0

[Event "Blowing away the autumn leaves!"]
[Site "SchemingMind.com"]
[Date "2010.11.16"]
[Round "-"]
[White "Eden"]
[Black "ampp"]
[Result "1-0"]
[WhiteCountry "CZE"]
[BlackCountry "POR"]
[WhiteElo "1638"]
[WhiteRD "75"]
[BlackElo "1212"]
[BlackRD "61"]
[GameID "267101"]

1. c4 e5 2. a3 c6 3. b4 d5 4. Qb3 Nf6 5. Bb2 a6 6. Bxe5 Be7 7. e3 Nbd7 8. Nf3 Nxe5 9. Nxe5 Bd6 10. Nf3 O-O
11. Bd3 Bg4 12. Qc2 Bxf3 13. gxf3 dxc4 14. Bxc4 b5 15. Bd3 Qc7 16. Nc3 Bxh2 17. f4 Ng4 18. Bxh7+ Kh8 19. Bf5
1-0

[Event "Blowing away the autumn leaves!"]
[Site "SchemingMind.com"]
[Date "2010.11.19"]
[Round "-"]
[White "mochiron"]
[Black "hawkeye"]
[Result "1-0"]
[WhiteCountry "JPN"]
[BlackCountry "USA"]
[WhiteElo "1483"]
[WhiteRD "65"]
[BlackElo "1445"]
[BlackRD "119"]
[GameID "267366"]

1. b4 e5 2. Bb2 d6 3. e3 Bf5 4. Nf3 Qe7 5. Nc3 Nf6 6. Be2 Nbd7 7. O-O O-O-O 8. e4 Nxe4 9. Nxe4 Bxe4 10. d3 Bg6
11. a4 f6 12. b5 Bf7 13. d4 d5 14. Ba3 Qe6 15. Bxf8 Rhxf8 16. dxe5 Nxe5 17. Nxe5 fxe5 18. a5 b6 19. axb6 Qxb6 20. Bg4+ Kb8
21. Re1 e4 22. Kh1 Qd6 23. Qd4 c5 24. Qb2 g6 25. Ra6 Qe7 26. b6 Qb7 27. Qe5+
1-0

[Event "Blowing away the autumn leaves!"]
[Site "SchemingMind.com"]
[Date "2010.11.19"]
[Round "-"]
[White "hawkeye"]
[Black "mochiron"]
[Result "0-1"]
[WhiteCountry "USA"]
[BlackCountry "JPN"]
[WhiteElo "1413"]
[WhiteRD "117"]
[BlackElo "1470"]
[BlackRD "66"]
[GameID "267372"]

1. c4 e5 2. Nc3 Bc5 3. Nf3 Nc6 4. e3 Nf6 5. Bd3 O-O 6. O-O d5 7. cxd5 Nxd5 8. Ne4 Be7 9. Bc4 h6 10. a3 Bg4
11. d3 Nf6 12. Nc3 Bxf3 13. Qxf3 Bd6 14. d4 exd4 15. exd4 Nxd4 16. Qd3 c5 17. Be3 Ng4 18. f4 Qh4 19. h3 Nxe3 20. Rf2 Nxc4
21. Qxc4 Bxf4 22. Nd1 Rfe8 23. Qd3 Bg3 24. Qd2 Bxf2+ 25. Nxf2 Qg3 26. Kh1 Re2 27. Qd3 Qxd3 28. Nxd3 Rae8 29. Kg1 Rd2 30. Nxc5 Ree2
31. Na4 Rxg2+ 32. Kf1 Rgf2+ 33. Kg1 Nf3+
0-1

[Event "Blowing away the autumn leaves!"]
[Site "SchemingMind.com"]
[Date "2010.11.21"]
[Round "-"]
[White "spoke"]
[Black "Amateur Analyst"]
[Result "0-1"]
[WhiteCountry "GER"]
[BlackCountry "USA"]
[WhiteElo "1686"]
[WhiteRD "66"]
[BlackElo "1903"]
[BlackRD "88"]
[GameID "267481"]

1. e4 e6 2. d4 d5 3. exd5 exd5 4. Bd3 Nc6 5. Nf3 Bg4 6. c3 Bd6 7. O-O Nge7 8. h3 Bh5 9. Nbd2 Qd7 10. Re1 O-O-O
11. b4 Rde8 12. a4 Ng6 13. Be2 Nf4 14. Nf1 Rxe2 15. Rxe2 Bxf3 16. Bxf4 Bxe2 17. Qxe2 Bxf4 18. Qf3 Bg5 19. a5 g6 20. b5 Nb8
21. Ne3 Bxe3 22. fxe3 f5
0-1

[Event "Blowing away the autumn leaves!"]
[Site "SchemingMind.com"]
[Date "2010.11.21"]
[Round "-"]
[White "Amateur Analyst"]
[Black "spoke"]
[Result "1-0"]
[WhiteCountry "USA"]
[BlackCountry "GER"]
[WhiteElo "1903"]
[WhiteRD "88"]
[BlackElo "1686"]
[BlackRD "66"]
[GameID "267486"]

1. e4 e5 2. Nf3 Nc6 3. Bb5 Bb4 4. c3 Ba5 5. O-O Nge7 6. d4 exd4 7. cxd4 d5 8. exd5 Qxd5 9. Bxc6+ Nxc6 10. Qe2+ Be6
11. Be3 O-O 12. Rc1 Rad8 13. Nc3 Bxc3 14. bxc3 Bg4 15. h3 Bxf3 16. Qxf3 Qxf3 17. gxf3 Rd6 18. Rab1 b6 19. Kh2 Re8 20. Rg1 Na5
21. Rb4 Nc6 22. Rc4 Ree6 23. Rg5 h6 24. Rh5 g5 25. f4 f6 26. Rxh6 Kg7 27. fxg5
1-0

[Event "Blowing away the autumn leaves!"]
[Site "SchemingMind.com"]
[Date "2010.11.21"]
[Round "-"]
[White "petrus"]
[Black "lumamo66"]
[Result "1-0"]
[WhiteCountry "BEL"]
[BlackCountry "ESP"]
[WhiteElo "1870"]
[WhiteRD "82"]
[BlackElo "1533"]
[BlackRD "93"]
[GameID "267556"]

1. d4 d5 2. e3 Nf6 3. Bd3 Nc6 4. c3 e5 5. Nd2 Bd6 6. Ne2 e4 7. Bc2 O-O 8. Nf1 Be6 9. Nfg3 b5 10. h3 a5
11. O-O b4 12. f3 exf3 13. Rxf3 Qd7 14. Qd3 Be7 15. Rxf6 g6 16. Rf3 Bh4 17. Ba4 Qd6 18. Bd2 Ne7 19. e4 dxe4 20. Nxe4 Qd5
21. Bb3 Qc6 22. Bxe6 Qxe6 23. Nf4 Qb6 24. g3 Bf6 25. Nxf6+ Qxf6 26. Nd5 Qd6 27. Nf6+ Kg7 28. Qe3 Nf5 29. Rxf5 Qxf6 30. Qh6+ Kg8
31. Rxf6
1-0

[Event "Blowing away the autumn leaves!"]
[Site "SchemingMind.com"]
[Date "2010.11.21"]
[Round "-"]
[White "lumamo66"]
[Black "petrus"]
[Result "0-1"]
[WhiteCountry "ESP"]
[BlackCountry "BEL"]
[WhiteElo "1533"]
[WhiteRD "93"]
[BlackElo "1870"]
[BlackRD "82"]
[GameID "267557"]

1. e4 c5 2. f4 Nc6 3. Nf3 g6 4. Nh4 e6 5. Qg4 Nf6 6. Qf3 Nxe4 7. Nxg6 Nxd2 8. Bxd2 hxg6 9. Bc3 Rh7 10. Bd3 Bg7
11. O-O d5 12. Bxg7 Rxg7 13. Nc3 Nd4 14. Qf2 Qb6 15. Rae1 Qd8 16. Qg3 c4 17. Be2 Qb6 18. Bg4 Ne2+ 19. Kh1 Nxg3+ 20. hxg3 Rh7+
21. Bh3 Kd8 22. g4 f5 23. gxf5 gxf5 24. Nd1 Bd7 25. Rf3 Kc7 26. Rc3 Qd4 27. Kh2 Qxf4+ 28. g3 Qd2+
0-1

[Event "Blowing away the autumn leaves!"]
[Site "SchemingMind.com"]
[Date "2010.11.28"]
[Round "-"]
[White "Ulrich Klapp"]
[Black "Transcendent"]
[Result "0-1"]
[WhiteCountry "GER"]
[BlackCountry "ENG"]
[WhiteElo "1581"]
[WhiteRD "98"]
[BlackElo "1857"]
[BlackRD "57"]
[GameID "267678"]

1. c4 Nf6 2. Nc3 g6 3. d4 Bg7 4. Nf3 O-O 5. Bg5 c5 6. e3 cxd4 7. exd4 d5 8. Be2 dxc4 9. Bxc4 Qc7 10. b3 b5
11. Nxb5 Qb6 12. Rc1 Bf5 13. O-O h6 14. Bf4 Na6 15. Re1 Rfe8 16. h3 Kh7 17. Qd2 Rac8 18. Re5 Ne4 19. Qe2 Bxe5 20. Bxe5 Nf6
21. Qe3 Kg7 22. Bxf6+ exf6 23. Qf4 Re4 24. Qd6 Re6 25. Qxb6 Rxb6 26. a4 Be6 27. Nxa7 Rc7 28. d5 Bxd5 29. Rd1 Bxc4 30. bxc4 Rxa7
31. a5 Rc6 32. Rc1 Nb4 33. Nd4 Rca6 34. Nb5 Re7 35. Kf1 Rxa5 36. Rb1 Nd3
0-1

[Event "Blowing away the autumn leaves!"]
[Site "SchemingMind.com"]
[Date "2010.11.24"]
[Round "-"]
[White "Transcendent"]
[Black "Ulrich Klapp"]
[Result "1-0"]
[WhiteCountry "ENG"]
[BlackCountry "GER"]
[WhiteElo "1878"]
[WhiteRD "57"]
[BlackElo "1565"]
[BlackRD "97"]
[GameID "267682"]

1. e4 e5 2. Nf3 Nc6 3. Bc4 Bc5 4. O-O d6 5. d3 Nf6 6. Nc3 Bd7 7. h3 Qe7 8. Bg5 h6 9. Nd5 Qd8 10. Nxf6+ gxf6
11. Bh4 Rg8 12. Bg3 Qe7 13. c3 Na5 14. Bb3 Nxb3 15. axb3 Qe6 16. Re1 O-O-O 17. d4 Bb6 18. d5 Qe7 19. Qd3 Rg6 20. Nd2 Rh8
21. Nc4 Kb8 22. Ra2 a6 23. Na5 Bb5 24. c4 Bd7 25. Rea1 Rg5 26. b4 Bc8 27. b5 Bxa5 28. Rxa5 b6 29. Rxa6 Bxa6 30. Rxa6 Kb7
31. Qa3 Rb8 32. Ra7+ Kc8 33. Qf3 h5 34. Bh4 Rg6 35. Qf5+ Kd8 36. Qxh5 Kd7 37. Qf5+ Ke8 38. f4 Qd7 39. fxe5 dxe5 40. Qf3 Qd6
41. Bf2 Rd8 42. Qc3 Qd7 43. Bxb6 Rc8 44. Ba5
1-0

[Event "Blowing away the autumn leaves!"]
[Site "SchemingMind.com"]
[Date "2010.11.24"]
[Round "-"]
[White "rao"]
[Black "lennart"]
[Result "1-0"]
[WhiteCountry "INT"]
[BlackCountry "SWE"]
[WhiteElo "1584"]
[WhiteRD "91"]
[BlackElo "1529"]
[BlackRD "55"]
[GameID "267795"]

1. e4 e5 2. Nf3 d6 3. Bc4 h6 4. h3 Nf6 5. d3 Be6 6. Bxe6 fxe6 7. Nh2 Nc6 8. Ng4 Qe7 9. Na3 a6 10. Be3 Kd7
11. c3 h5 12. Nh2 b6 13. Bg5 b5 14. Qb3 Qf7 15. Nf3 a5 16. Nxb5 Rb8 17. a4 Rb6 18. Qc4 Ne8 19. h4 Qg6 20. Rh3 Be7
21. Rg3 Qf7 22. Bxe7 Qxe7 23. Rg6 Nf6 24. O-O-O Rh6 25. Rxh6 gxh6 26. Nh2 d5 27. exd5 Nxd5 28. Qe4 Nf4 29. g3 Nh3 30. Qe3 Qf6
31. Nf3 Kc8 32. Re1 Kb7 33. Nxe5 Nb8 34. Nc4 Ra6 35. Qc5 Qf7 36. Ne5 Qh7 37. Nd4 Nd7 38. Qb5+ Rb6 39. Qxa5 Nxe5 40. Rxe5 Nxf2
41. Rxe6 Nxd3+ 42. Kd2 c6 43. b3 Nb2 44. Nf5
1-0

[Event "Blowing away the autumn leaves!"]
[Site "SchemingMind.com"]
[Date "2010.11.24"]
[Round "-"]
[White "lennart"]
[Black "rao"]
[Result "1-0"]
[WhiteCountry "SWE"]
[BlackCountry "INT"]
[WhiteElo "1520"]
[WhiteRD "55"]
[BlackElo "1526"]
[BlackRD "86"]
[GameID "267799"]

1. e4 e5 2. d3 Nc6 3. Nc3 Nd4 4. Nf3 d6 5. Be3 Bg4 6. Bxd4 exd4 7. Nd5 c6 8. Nf4 Qf6 9. Ne2 Bxf3 10. gxf3 Qxf3
11. Rg1 Qh5 12. Nxd4 Qxh2 13. Nf3 Qh6 14. Nd2 O-O-O 15. Qf3 g6 16. O-O-O Ne7 17. Qxf7 Qg7 18. Qxg7 Bxg7 19. Bh3+ Kb8 20. f3 a5
21. a4 Bd4 22. Rg5 Bc5 23. Rg2 Rhf8 24. Bg4 h5 25. Be6 Be3 26. Kb1 Bxd2 27. Rgxd2 Rxf3 28. Bb3 g5 29. Be6 g4 30. Rh1 Rh8
31. Bxg4 Rf4 32. Be6 h4 33. Ka2 c5 34. c4 Nc6 35. Ka3 Nd4 36. Bd5 Nf3 37. Rf2 h3 38. e5 Rhf8 39. exd6 Ne5 40. Rxf4 Rxf4
41. Rxh3 Rf6 42. Rh7 Rxd6 43. Rxb7+ Kc8 44. Rb5 Nxd3 45. Rxa5 Rb6 46. b3 Nc1 47. Rxc5+ Kd7 48. Rb5 Ra6 49. b4 Ne2 50. Rb7+ Kd6
51. Bh1 Nd4 52. c5+ Ke6 53. Rb6+ Rxb6 54. cxb6 Kd7 55. a5 Kc8 56. Ka4 Kb8 57. a6 Ne6 58. a7+ Kc8 59. a8=Q+ Kd7 60. b7 Nc7
61. Qc8+ Kd6 62. b8=Q Ke5 63. Qbxc7+
1-0

[Event "Blowing away the autumn leaves!"]
[Site "SchemingMind.com"]
[Date "2010.12.18"]
[Round "-"]
[White "petrus"]
[Black "Amateur Analyst"]
[Result "0-1"]
[WhiteCountry "BEL"]
[BlackCountry "USA"]
[WhiteElo "1879"]
[WhiteRD "79"]
[BlackElo "1938"]
[BlackRD "89"]
[GameID "270316"]

1. d4 Nf6 2. e3 g6 3. Bd3 Bg7 4. e4 O-O 5. e5 Nd5 6. Bc4 Nb6 7. Bb3 d5 8. Ne2 Na6 9. O-O c5 10. c3 Bf5
11. Ng3 Bd7 12. f4 cxd4 13. cxd4 e6 14. Bd2 f6 15. Na3 fxe5 16. fxe5 Qe7 17. Nc2 Rxf1+ 18. Qxf1 Rc8 19. Rc1 Nc4 20. Bxc4 Rxc4
21. Bc3 Bh6 22. Rd1 Ba4 23. Qf2 Bxc2 24. Qxc2 Nb4 25. Qb1 Be3+ 26. Kh1 Qh4 27. Bxb4 Rxb4 28. Ne2 Bxd4 29. g3 Qg4 30. Nxd4 Rxd4
31. Re1 Qf3+
0-1

[Event "Blowing away the autumn leaves!"]
[Site "SchemingMind.com"]
[Date "2010.12.18"]
[Round "-"]
[White "Amateur Analyst"]
[Black "petrus"]
[Result "1-0"]
[WhiteCountry "USA"]
[BlackCountry "BEL"]
[WhiteElo "1938"]
[WhiteRD "89"]
[BlackElo "1879"]
[BlackRD "79"]
[GameID "270324"]

1. e4 c5 2. Nf3 Nc6 3. d4 d5 4. exd5 Qxd5 5. Nc3 Qe6+ 6. Be3 Qd7 7. d5 a6 8. dxc6 Qxc6 9. Qd5 Bd7 10. O-O-O e6
11. Qxc6 Bxc6 12. Ne5 Rc8 13. Nxc6 Rxc6 14. g3 Be7 15. Bg2 Rc7 16. Bf4 Rc8 17. Bxb7 Rd8 18. Rxd8+ Bxd8 19. Ne4 Nf6 20. Bc6+ Kf8
21. Bd6+ Be7 22. Bxc5 Nxe4 23. Bxe7+ Kxe7 24. Bxe4 h6 25. Rd1 a5 26. Rd4
1-0

[Event "Blowing away the autumn leaves!"]
[Site "SchemingMind.com"]
[Date "2011.01.06"]
[Round "-"]
[White "Eden"]
[Black "rao"]
[Result "0-1"]
[WhiteCountry "CZE"]
[BlackCountry "INT"]
[WhiteElo "1631"]
[WhiteRD "74"]
[BlackElo "1580"]
[BlackRD "88"]
[GameID "271939"]

1. c4 e5 2. Nc3 c6 3. a3 Bc5 4. b4 Bd4 5. Qb3 d6 6. Nf3 Bxc3 7. Qxc3 Bg4 8. Bb2 Nf6 9. d4 Ne4 10. Qe3 Bf5
11. dxe5 d5 12. cxd5 Qxd5 13. Bd4 O-O 14. Rd1 Rd8 15. g3 Nc3 16. Qxc3 Be4 17. Bg2 b6 18. O-O Qb5 19. Rfe1 Na6 20. Ng5 Bxg2
21. Kxg2 Nc7 22. e6 Qxg5 23. exf7+ Kxf7 24. Qxc6 Ne6 25. Be3 Qf6 26. h4 Nf4+ 27. Bxf4 Qxc6+ 28. f3 Rxd1 29. Rxd1 Qc2
0-1

[Event "Blowing away the autumn leaves!"]
[Site "SchemingMind.com"]
[Date "2011.01.06"]
[Round "-"]
[White "rao"]
[Black "Eden"]
[Result "1-0"]
[WhiteCountry "INT"]
[BlackCountry "CZE"]
[WhiteElo "1622"]
[WhiteRD "86"]
[BlackElo "1664"]
[BlackRD "74"]
[GameID "271944"]

1. d4 Nc6 2. Nf3 d5 3. h3 h6 4. Bf4 g5 5. Be5 f6 6. Bg3 h5 7. e3 h4 8. Bh2 g4 9. Nfd2 Nh6 10. Nc3 Rg8
11. Bd3 a6 12. Bf4 e5 13. Bxh6 Bxh6 14. hxg4 Rxg4 15. g3 Bg5 16. Bg6+ Ke7 17. Bh5 Rxd4 18. exd4 hxg3 19. fxg3 Nxd4 20. Nb3 Nxb3
21. Nxd5+ Ke6 22. axb3 Bd7 23. Rf1 c6 24. Nc3 Be8 25. Qg4+ Ke7 26. Rd1 Qb6 27. Bxe8 Qe3+ 28. Ne2 Rxe8 29. Qd7+ Kf8 30. Qd6+ Kf7
31. Qd7+ Re7 32. Qd3 Qc5 33. Qh7+ Ke6 34. Qg8+ Rf7 35. Qc8+ Ke7 36. Rd7+ Ke6 37. Rd8+ Ke7 38. Qd7#
1-0

[Event "Blowing away the autumn leaves!"]
[Site "SchemingMind.com"]
[Date "2011.04.03"]
[Round "-"]
[White "maro"]
[Black "mochiron"]
[Result "0-1"]
[WhiteCountry "MEX"]
[BlackCountry "JPN"]
[WhiteElo "1299"]
[WhiteRD "59"]
[BlackElo "1408"]
[BlackRD "75"]
[GameID "279477"]

1. e4 c5 2. Bc4 Nc6 3. d3 e5 4. Bxf7+ Kxf7 5. Qh5+ g6 6. Qf3+ Nf6 7. Bg5 Bg7 8. Nc3 Nd4 9. Qd1 h6 10. Bxf6 Bxf6
11. Nf3 Nxf3+ 12. Qxf3 d6 13. Nd5 Rf8 14. h4 Be6 15. Ne3 Kg7 16. g3 Bxh4 17. gxh4 Rxf3 18. O-O-O Bxa2 19. b3 Bxb3 20. cxb3 Qa5
0-1

[Event "Blowing away the autumn leaves!"]
[Site "SchemingMind.com"]
[Date "2011.04.03"]
[Round "-"]
[White "mochiron"]
[Black "maro"]
[Result "0-1"]
[WhiteCountry "JPN"]
[BlackCountry "MEX"]
[WhiteElo "1376"]
[WhiteRD "77"]
[BlackElo "1416"]
[BlackRD "52"]
[GameID "279484"]

1. b4 e5 2. Bb2 d6 3. e4 Nf6 4. d3 g6 5. Be2 Bh6 6. h3 O-O 7. Nf3 Nc6 8. O-O Be6 9. Nbd2 Nxb4 10. a3 Nc6
11. c4 a5 12. d4 exd4 13. Nxd4 Nxd4 14. Bxd4 Bxd2 15. Qxd2 Nxe4 16. Qh6 f6 17. Bh5 gxh5 18. Qxh5 Bf7 19. Qg4+ Bg6 20. Rfe1 f5
21. Qe2 Re8 22. Qd3 c5 23. Bb2 Qd7 24. Rxe4 fxe4 25. Qd5+ Bf7 26. Re1 Bxd5 27. cxd5 Rac8
0-1

[Event "Blowing away the autumn leaves!"]
[Site "SchemingMind.com"]
[Date "2011.04.10"]
[Round "-"]
[White "Transcendent"]
[Black "emvarela"]
[Result "1-0"]
[WhiteCountry "ENG"]
[BlackCountry "ARG"]
[WhiteElo "1868"]
[WhiteRD "61"]
[BlackElo "1750"]
[BlackRD "48"]
[GameID "280479"]

1. d4 Nf6 2. c4 e6 3. g3 c5 4. d5 exd5 5. cxd5 d6 6. Nc3 g6 7. Bg2 Bg7 8. Nf3 O-O 9. O-O a6 10. a4 Re8
11. h3 Nbd7 12. Re1 Ne5 13. Nxe5 dxe5 14. Bg5 h6 15. Be3 Qd6 16. a5 Bd7 17. Qd2 Kh7 18. Na4 Bxa4 19. Rxa4 Nd7 20. Rc1 Rac8
21. Rac4 f5 22. b4 b6 23. axb6 Nxb6 24. Rxc5 Rxc5 25. bxc5
1-0

[Event "Blowing away the autumn leaves!"]
[Site "SchemingMind.com"]
[Date "2011.04.10"]
[Round "-"]
[White "emvarela"]
[Black "Transcendent"]
[Result "0-1"]
[WhiteCountry "ARG"]
[BlackCountry "ENG"]
[WhiteElo "1728"]
[WhiteRD "46"]
[BlackElo "1854"]
[BlackRD "60"]
[GameID "280489"]

1. e4 c5 2. Nf3 d6 3. d4 cxd4 4. Nxd4 Nf6 5. Nc3 a6 6. Be3 e6 7. f3 b5 8. Qd2 b4 9. Na4 Nbd7 10. c4 bxc3
11. Qxc3 Bb7 12. Bd3 d5 13. Nc6 Qc8 14. Rc1 Bxc6 15. Qxc6 Qxc6 16. Rxc6 Ne5 17. Bxa6 Nxc6 18. Bb5 Bb4+ 19. Bd2 Bxd2+ 20. Kxd2 Rc8
21. Rc1 O-O 22. Bxc6 dxe4 23. Bxe4 Nxe4+ 24. Kd1 Nf2+ 25. Kd2 Rfd8+
0-1

[Event "Blowing away the autumn leaves!"]
[Site "SchemingMind.com"]
[Date "2011.09.05"]
[Round "-"]
[White "rao"]
[Black "Transcendent"]
[Result "0-1"]
[WhiteCountry "INT"]
[BlackCountry "ENG"]
[WhiteElo "1610"]
[WhiteRD "92"]
[BlackElo "1719"]
[BlackRD "63"]
[GameID "292313"]

1. e4 c5 2. Bc4 e6 3. d3 Nc6 4. Nf3 a6 5. Nc3 b5 6. Bb3 Bb7 7. a3 Be7 8. Ne2 Nf6 9. Ng3 O-O 10. Ng5 d5
11. exd5 Nxd5 12. h4 Nd4 13. N3e4 Nxb3 14. cxb3 h6 15. Nf3 Nf6 16. Nxf6+ Bxf6
0-1

[Event "Blowing away the autumn leaves!"]
[Site "SchemingMind.com"]
[Date "2011.09.06"]
[Round "-"]
[White "Transcendent"]
[Black "rao"]
[Result "1-0"]
[WhiteCountry "ENG"]
[BlackCountry "INT"]
[WhiteElo "1719"]
[WhiteRD "63"]
[BlackElo "1610"]
[BlackRD "92"]
[GameID "292318"]

1. c4 c5 2. g3 e5 3. Bg2 Qa5 4. Nc3 d6 5. Nf3 Nf6 6. Qc2 Nc6 7. O-O Nd4 8. Nxd4 cxd4 9. Nd5 Nxd5 10. Bxd5 Be7
11. d3 O-O 12. Bd2 Qd8 13. e3 Bf6 14. exd4 exd4 15. Rfe1 Rb8 16. Re2 Bh3 17. Rae1 a6 18. b4
1-0

[Event "Blowing away the autumn leaves!"]
[Site "SchemingMind.com"]
[Date "2011.12.04"]
[Round "-"]
[White "mochiron"]
[Black "Transcendent"]
[Result "1-0"]
[WhiteCountry "JPN"]
[BlackCountry "ENG"]
[WhiteElo "1529"]
[WhiteRD "63"]
[BlackElo "1614"]
[BlackRD "75"]
[GameID "298142"]

1. d4 Nf6 2. Nf3 d5 3. Bf4 Bf5 4. e3 c6 5. Bd3 Bg6 6. h3 e6 7. Nc3 Nbd7 8. Bxg6 hxg6 9. Qe2 Qb6 10. Rb1 Bb4
11. O-O Qa5 12. a3 Be7 13. b4 Qxa3 14. Qd2 Bxb4 15. Rxb4 Qxb4 16. Rb1 Qa3 17. Rxb7 O-O 18. Ng5 Qa6 19. Rb1 c5 20. Ne2 Nh5
21. Bd6 Rfc8 22. Ng3 Nxg3 23. Bxg3 cxd4 24. exd4 Qc4 25. Rc1 Nf6 26. Be5 Nd7 27. Qf4 Nxe5 28. Qxe5 Qc7 29. Qe3
1-0

[Event "Blowing away the autumn leaves!"]
[Site "SchemingMind.com"]
[Date "2011.12.06"]
[Round "-"]
[White "Transcendent"]
[Black "mochiron"]
[Result "0-1"]
[WhiteCountry "ENG"]
[BlackCountry "JPN"]
[WhiteElo "1614"]
[WhiteRD "75"]
[BlackElo "1529"]
[BlackRD "63"]
[GameID "298148"]

1. d4 h6 2. e4 a6 3. c4 e6 4. Nc3 Bb4 5. Qc2 Bxc3+ 6. bxc3 d6 7. Nf3 Nc6 8. Bd3 e5 9. O-O Nf6 10. d5 Ne7
11. h3 h5 12. Be3 Ng4 13. Bg5 Nf6 14. Rab1 Ng6 15. Nh4 Nxh4 16. Bxh4 g5 17. Bxg5 Rg8 18. Qd2 Qd7 19. Kh1 Ng4 20. hxg4 hxg4
21. g3 Rh8+ 22. Kg2 Rg8 23. Rh1 f6 24. Be3 b6 25. Rh4 Qg7 26. Rbh1 Bd7 27. Rh7 Qf8
0-1